000 01091nam a2200325 i 4500
001 000048786
003 DO-SdBNP
005 20231012135252.0
007 ta
008 190412s2016 dr 000 0 spa d
020 _a9788460879107
040 _aDO-SdBNP
_bspa
_cBNPHU
_erda
082 4 _aR861.44
_bR789r
_222
100 1 _aRosario, Gabino,
_d1955-
_976239
_eautor
245 1 0 _aRumor del silencio /
_cGabino Rosario.
264 _aEspaña :
_bSolenodonte, Mínimas,
_c2016.
300 _a56 páginas ;
_c21 cm.
336 _2rdacontent
_atexto
_btxt
337 _2rdamedia
_asin mediación
_bn
338 _2rdacarrier
_avolumen
_bnc
490 0 _aEdiciones de ACUDEBI;
500 _aIncluye datos biográficos del autor en la solapa de la cubierta
590 _aInventariado, 2019/ YL
650 4 _aPoesía dominicana
650 4 _aLiteratura dominicana
710 2 _a Asociación Cultural y de Cooperación al Desarrollo Biblioteca República Dominicana
_983521
830 0 _aEdiciones de ACUDEBI
_976232
910 _aValidado. Control de calidad MFF
942 _2ddc
_cLBS1
999 _c48274
_d48274